[Event "Ufa Gumerov Memorial 8th"]
[Site "Ufa"]
[Date "2019.07.28"]
[Round "8"]
[White "Matjushin, Gennady"]
[Black "Safin, Robert"]
[Result "1/2-1/2"]
[WhiteElo "2417"]
[BlackElo "2125"]
[PlyCount "32"]
[EventDate "2019.07.24"]
[EventType "tourn"]
[EventRounds "9"]
[EventCountry "RUS"]
[SourceTitle "CBM 191 Extra"]
[Source "ChessBase"]
[SourceDate "2019.09.30"]
[SourceVersion "1"]
[SourceVersionDate "2019.09.30"]
[SourceQuality "1"]

1. Nf3 Nf6 2. c4 g6 3. Nc3 Bg7 4. e4 d6 5. d4 0-0 6. Be2 e5 7. dxe5 dxe5 8. Qxd8 Rxd8 9. Nd5 Nxd5 10. cxd5 c6 11. Bg5 Re8 12. Bc4 cxd5 13. Bxd5 Nd7 14. Nd2 Nb6 15. Be3 Bd7 16. 0-0 Bc6 1/2-1/2

[Event "Ufa Gumerov Memorial 8th"]
[Site "Ufa"]
[Date "2019.07.25"]
[Round "3"]
[White "Grigorieva, Yulia"]
[Black "Matjushin, Gennady"]
[Result "0-1"]
[WhiteElo "2112"]
[BlackElo "2417"]
[PlyCount "58"]
[EventDate "2019.07.24"]
[EventType "tourn"]
[EventRounds "9"]
[EventCountry "RUS"]
[SourceTitle "CBM 191 Extra"]
[Source "ChessBase"]
[SourceDate "2019.09.30"]
[SourceVersion "1"]
[SourceVersionDate "2019.09.30"]
[SourceQuality "1"]

1. d4 Nf6 2. c4 e6 3. Nc3 Bb4 4. e3 Ne4 5. Qc2 Nxc3 6. bxc3 Be7 7. c5 d6 8. cxd6 cxd6 9. Bd3 Nd7 10. Nf3 Qc7 11. 0-0 Nf6 12. c4 0-0 13. a4 Re8 14. Ba3 b6 15. Rfb1 g6 16. Bb4 Bb7 17. Nd2 Rec8 18. a5 b5 19. a6 Bd5 20. Ba5 Qd7 21. Qb3 bxc4 22. Bxc4 Bc6 23. Ra2 Bd8 24. Bxd8 Qxd8 25. Rab2 Rc7 26. f3 Rac8 27. Qa3 Ba8 28. Qa5 Nd7 29. Bd3 Rc1+ 0-1

[Event "Dvorkovich Memorial rapid op"]
[Site "Taganrog"]
[Date "2018.01.14"]
[Round "11"]
[White "Sukhareva, Evgenia"]
[Black "Matjushin, Gennady"]
[Result "0-1"]
[WhiteElo "2238"]
[BlackElo "2417"]
[PlyCount "63"]
[EventDate "2018.01.13"]
[EventType "swiss (rapid)"]
[EventRounds "11"]
[EventCountry "RUS"]
[SourceTitle "CBM 182 Extra"]
[Source "ChessBase"]
[SourceDate "2018.02.23"]
[SourceVersion "1"]
[SourceVersionDate "2018.02.23"]
[SourceQuality "1"]

1. d4 d6 2. Nf3 g6 3. c4 Nf6 4. Nc3 Bf5 5. Nd2 e5 6. d5 Bd7 7. e4 a5 8. Be2 Na6 9. h3 Bh6 10. Nf1 Bxc1 11. Rxc1 Nc5 12. Qc2 h5 13. Ne3 h4 14. b3 0-0 15. a3 a4 16. b4 Nb3 17. Rb1 Ne8 18. b5 Nc5 19. Bg4 Nf6 20. Rb4 Nb3 21. Nxa4 Nd4 22. Qd3 Bxg4 23. hxg4 Nd7 24. Qb1 Qg5 25. Qd1 Qf4 26. Nc3 Rxa3 27. Qc1 Rfa8 28. Rxh4 Nc5 29. Kf1 Nd3 30. Qd2 Nxb4 31. Kg1 Rxc3 32. Rh3 0-1

[Event "Dvorkovich Memorial rapid op"]
[Site "Taganrog"]
[Date "2018.01.13"]
[Round "4"]
[White "Matjushin, Gennady"]
[Black "Kamenets, Anatolij"]
[Result "1-0"]
[WhiteElo "2417"]
[BlackElo "2294"]
[PlyCount "45"]
[EventDate "2018.01.13"]
[EventType "swiss (rapid)"]
[EventRounds "11"]
[EventCountry "RUS"]
[SourceTitle "CBM 182 Extra"]
[Source "ChessBase"]
[SourceDate "2018.02.23"]
[SourceVersion "1"]
[SourceVersionDate "2018.02.23"]
[SourceQuality "1"]

1. e4 c6 2. d4 d5 3. e5 g6 4. Bd3 Na6 5. c3 Nc7 6. Nf3 Bg7 7. Na3 Nh6 8. h4 Bg4 9. h5 gxh5 10. Nc2 f6 11. Ne3 Nf7 12. exf6 Bxf6 13. Nxg4 hxg4 14. Nh4 e5 15. Qxg4 e4 16. Be2 Qd7 17. Qh5 Rg8 18. Bf4 Ne6 19. Be3 0-0-0 20. 0-0-0 Ng7 21. Qxh7 Rh8 22. Qg6 Bxh4 23. Bg4 1-0

[Event "Dvorkovich Memorial op"]
[Site "Taganrog"]
[Date "2017.01.21"]
[Round "9"]
[White "Demianjuk, Alexander"]
[Black "Matjushin, Gennady"]
[Result "0-1"]
[WhiteElo "2289"]
[BlackElo "2419"]
[PlyCount "102"]
[EventDate "2017.01.13"]
[EventType "swiss"]
[EventRounds "9"]
[EventCountry "RUS"]
[SourceTitle "CBM 176 Extra"]
[Source "ChessBase"]
[SourceDate "2017.03.02"]
[SourceVersion "1"]
[SourceVersionDate "2017.03.02"]
[SourceQuality "1"]

1. e4 c5 2. Nf3 Nc6 3. Bb5 e6 4. 0-0 Nge7 5. b3 Nd4 6. Nc3 a6 7. Bd3 Ndc6 8. Re1 d6 9. Bb2 Ng6 10. Bf1 Nge5 11. g3 Be7 12. Bg2 Nxf3+ 13. Bxf3 Bf6 14. Bg2 Bd4 15. Qe2 h5 16. Nd1 Bxb2 17. Nxb2 e5 18. Nc4 b5 19. Ne3 h4 20. c3 Kf8 21. Nf5 h3 22. Bf1 g6 23. Ne3 Kg7 24. Nd5 Be6 25. Qf3 Bxd5 26. exd5 Nb8 27. d4 Nd7 28. dxc5 Nxc5 29. b4 Na4 30. c4 bxc4 31. Bxc4 a5 32. b5 Qg5 33. Bf1 Qd2 34. Rec1 Nc5 35. Qc3 Qxc3 36. Rxc3 f5 37. f3 Kf6 38. Kf2 g5 39. b6 Rhb8 40. Rb1 Rb7 41. Bxh3 Ra6 42. Bf1 Raxb6 43. Rxb6 Rxb6 44. Rc2 a4 45. Ke3 Rb1 46. Bc4 a3 47. f4 exf4+ 48. gxf4 gxf4+ 49. Kxf4 Rb2 50. Rc3 Rxh2 51. Kg3 Ne4+ 0-1

[Event "Dvorkovich Memorial op"]
[Site "Taganrog"]
[Date "2016.01.26"]
[Round "9.17"]
[White "Travkina, Anastasia"]
[Black "Matjushin, Gennady"]
[Result "1/2-1/2"]
[WhiteElo "2222"]
[BlackElo "2434"]
[PlyCount "189"]
[EventDate "2016.01.18"]
[EventType "swiss"]
[EventRounds "9"]
[EventCountry "RUS"]
[SourceTitle "EXT 2018"]
[Source "ChessBase"]
[SourceDate "2017.10.13"]
[SourceVersion "1"]
[SourceVersionDate "2017.10.13"]
[SourceQuality "1"]

1. e4 c5 2. Nf3 d6 3. d4 cxd4 4. Nxd4 Nf6 5. Nc3 a6 6. h3 e6 7. g4 h6 8. g5 hxg5 9. Bxg5 b5 10. a3 Bb7 11. Bg2 Nbd7 12. Qe2 Rc8 13. Rd1 Qc7 14. h4 Qc4 15. Qd2 Nb6 16. Rh3 Qc7 17. Qe2 Nfd7 18. b3 Be7 19. Bxe7 Kxe7 20. Qd2 Rh5 21. Rg3 Nf6 22. Nde2 Rc5 23. e5 dxe5 24. Bxb7 Qxb7 25. Qd6+ Ke8 26. Rxg7 Qh1+ 27. Rg1 Qc6 28. Rg3 Qxd6 29. Rxd6 R5c6 30. Rxc6 Rxc6 31. Rg5 Nbd7 32. f3 a5 33. Kd1 b4 34. axb4 axb4 35. Na2 Nd5 36. Nec1 Ne3+ 37. Kd2 Nxc2 38. Nd3 Nd4 39. Rg8+ Ke7 40. Naxb4 Rd6 41. Ke3 Nf5+ 42. Ke2 Nxh4 43. Rc8 Nf5 44. Rc3 Rb6 45. Kf2 Kd6 46. Rc4 Ne7 47. Ke2 Nd5 48. Kd2 f5 49. Rh4 Nc5 50. Nxd5 Kxd5 51. Nxc5 Kxc5 52. Kc3 Rc6 53. Rb4 Kd5+ 54. Kd3 Rc1 55. Rb5+ Kd6 56. Rb6+ Ke7 57. b4 f4 58. Rb7+ Kf6 59. b5 Rf1 60. Ke2 Rb1 61. b6 e4 62. fxe4 Ke5 63. Kf3 Rb3+ 64. Kg4 Kxe4 65. Rf7 e5 66. b7 f3 67. Rf8 f2 68. Rxf2 Rxb7 69. Re2+ Kd4 70. Kf5 Re7 71. Kf6 Re8 72. Kf7 Ra8 73. Kf6 e4 74. Kf5 Rf8+ 75. Kg4 e3 76. Ra2 Kd3 77. Kg3 e2 78. Ra3+ Kd4 79. Ra4+ Kd5 80. Ra5+ Kd6 81. Ra6+ Ke7 82. Ra7+ Kd8 83. Ra8+ Kc7 84. Ra7+ Kd8 85. Ra8+ Ke7 86. Ra7+ Kd8 87. Ra8+ Ke7 88. Ra7+ Kd8 89. Ra8+ Ke7 90. Ra7+ Ke6 91. Ra6+ Kd5 92. Ra5+ Kc4 93. Ra4+ Kc3 94. Ra3+ Kc2 95. Ra2+ 1/2-1/2

[Event "Dvorkovich Memorial op"]
[Site "Taganrog"]
[Date "2016.01.19"]
[Round "2.15"]
[White "Matjushin, Gennady"]
[Black "Maletin, Pavel"]
[Result "0-1"]
[WhiteElo "2434"]
[BlackElo "2580"]
[PlyCount "80"]
[EventDate "2016.01.18"]
[EventType "swiss"]
[EventRounds "9"]
[EventCountry "RUS"]
[SourceTitle "EXT 2018"]
[Source "ChessBase"]
[SourceDate "2017.10.13"]
[SourceVersion "1"]
[SourceVersionDate "2017.10.13"]
[SourceQuality "1"]

1. e4 c5 2. c3 Nf6 3. e5 Nd5 4. Nf3 d6 5. Bc4 e6 6. d4 cxd4 7. cxd4 Be7 8. 0-0 0-0 9. Bd2 dxe5 10. dxe5 b6 11. Nc3 Nxc3 12. Bxc3 Ba6 13. Qxd8 Rxd8 14. Bxa6 Nxa6 15. Rfd1 Nc7 16. Rxd8+ Rxd8 17. Rc1 Nd5 18. Bd2 h6 19. Kf1 Kf8 20. Ke2 Ke8 21. h4 h5 22. g3 Kd7 23. Ne1 Rc8 24. Rxc8 Kxc8 25. Nf3 Kd7 26. Kd3 b5 27. Kd4 Kc6 28. Ke4 a6 29. Nd4+ Kd7 30. Nf5 Bf8 31. Ne3 Nb6 32. Bc3 Na4 33. Bd4 Kc6 34. Ng2 Nc5+ 35. Bxc5 Bxc5 36. f3 Be7 37. Nf4 g6 38. Nd3 Bf8 39. Kd4 Be7 40. Ke4 a5 0-1

[Event "Shakhty KVU op"]
[Site "Shakhty"]
[Date "2015.02.14"]
[Round "1"]
[White "Korolev, Kirill"]
[Black "Matjushin, Gennady"]
[Result "0-1"]
[WhiteElo "1964"]
[BlackElo "2430"]
[PlyCount "58"]
[EventDate "2015.02.14"]
[EventType "swiss"]
[EventRounds "9"]
[EventCountry "RUS"]
[SourceTitle "CBM 165 Extra"]
[Source "ChessBase"]
[SourceDate "2015.04.21"]
[SourceVersion "1"]
[SourceVersionDate "2015.04.21"]
[SourceQuality "1"]

1. d4 d6 2. c4 e5 3. d5 f5 4. Nc3 Nf6 5. Bg5 Be7 6. Bxf6 Bxf6 7. e4 0-0 8. Bd3 g6 9. Qc2 Bg7 10. Nge2 a5 11. 0-0 f4 12. f3 h5 13. Nd1 g5 14. Nf2 Nd7 15. g4 fxg3 16. Nxg3 Qe8 17. Nh3 Nc5 18. Nf5 Bxf5 19. exf5 Nxd3 20. Qxd3 Bh6 21. f4 gxf4 22. Kh1 Kh7 23. Rg1 e4 24. Qd4 Rxf5 25. Rae1 e3 26. Rgf1 Qg6 27. Nxf4 Bxf4 28. Rxf4 Rg8 29. Rxf5 Qg2# 0-1

[Event "Izhevsk Corporation Cup 6th"]
[Site "Izhevsk"]
[Date "2014.07.15"]
[Round "4"]
[White "Ovchinnikov, Vsevolod"]
[Black "Matjushin, Gennady"]
[Result "1/2-1/2"]
[WhiteElo "2147"]
[BlackElo "2462"]
[PlyCount "80"]
[EventDate "2014.07.12"]
[EventType "swiss"]
[EventRounds "9"]
[EventCountry "RUS"]
[SourceTitle "CBM 161 Extra"]
[Source "ChessBase"]
[SourceDate "2014.08.29"]
[SourceVersion "1"]
[SourceVersionDate "2014.08.29"]
[SourceQuality "1"]

1. d4 Nf6 2. c4 g6 3. Nc3 Bg7 4. e4 0-0 5. Nf3 d6 6. Be2 Nbd7 7. 0-0 e5 8. d5 Nc5 9. Qc2 a5 10. Bg5 h6 11. Be3 Qe8 12. Bxc5 dxc5 13. Nd2 Qe7 14. Rae1 h5 15. Nb3 Nh7 16. Qd2 a4 17. Nc1 a3 18. b3 f5 19. exf5 gxf5 20. Bxh5 Ra6 21. f4 e4 22. g3 Kh8 23. Nd3 Rg8 24. Ne5 Bxe5 25. fxe5 Qxe5 26. Ne2 Qb2 27. Nf4 Rh6 28. Bd1 Qd4+ 29. Rf2 Ng5 30. Kg2 Nf7 31. Qe3 b6 32. Rb2 Qe5 33. Rf1 Rg7 34. Be2 Rgh7 35. h4 Rg7 36. h5 Nd6 37. Ng6+ Kh7 38. Nh8 Qe8 39. Ng6 Bd7 40. Nh4 Rg4 1/2-1/2

[Event "Samara Polugaevsky Memorial 4th"]
[Site "Samara"]
[Date "2014.07.10"]
[Round "9"]
[White "Matjushin, Gennady"]
[Black "Kuybokarov, Temur"]
[Result "0-1"]
[WhiteElo "2462"]
[BlackElo "2184"]
[PlyCount "53"]
[EventDate "2014.07.02"]
[EventType "swiss"]
[EventRounds "9"]
[EventCountry "RUS"]
[SourceTitle "CBM 161 Extra"]
[Source "ChessBase"]
[SourceDate "2014.08.29"]
[SourceVersion "1"]
[SourceVersionDate "2014.08.29"]
[SourceQuality "1"]

1. c4 e5 2. Qc2 Nc6 3. e3 g6 4. a3 a5 5. Be2 d6 6. Nf3 Bg7 7. 0-0 f5 8. d3 Nf6 9. Nc3 0-0 10. Rb1 h6 11. b4 axb4 12. axb4 g5 13. b5 Ne7 14. b6 c5 15. Bd2 Ra6 16. Qb3 Be6 17. d4 exd4 18. exd4 g4 19. Nh4 cxd4 20. Nb5 Qxb6 21. Qc2 Ne4 22. Bf4 Qc5 23. Kh1 Nd5 24. Bd2 Nxd2 25. Qxd2 Nc3 26. Rb2 Nxe2 27. Ng6 0-1

[Event "Samara Polugaevsky Memorial 4th"]
[Site "Samara"]
[Date "2014.07.09"]
[Round "8"]
[White "Mikheev, Stanislav Valerievi"]
[Black "Matjushin, Gennady"]
[Result "1/2-1/2"]
[WhiteElo "2240"]
[BlackElo "2462"]
[PlyCount "107"]
[EventDate "2014.07.02"]
[EventType "swiss"]
[EventRounds "9"]
[EventCountry "RUS"]
[SourceTitle "CBM 161 Extra"]
[Source "ChessBase"]
[SourceDate "2014.08.29"]
[SourceVersion "1"]
[SourceVersionDate "2014.08.29"]
[SourceQuality "1"]

1. d4 Nf6 2. c4 c5 3. d5 e5 4. Nc3 d6 5. e4 Be7 6. Bd3 Nbd7 7. Nf3 a6 8. a4 0-0 9. h3 Nh5 10. Ne2 g6 11. g4 Ng7 12. Bh6 Qa5+ 13. Kf1 Nf6 14. Ng3 Kh8 15. Bd2 Qc7 16. Bc3 Bd7 17. a5 Ng8 18. Qc2 f5 19. exf5 gxf5 20. gxf5 Nh6 21. Re1 Nhxf5 22. Nxf5 Bxf5 23. Nxe5 dxe5 24. Bxf5 Rxf5 25. Qxf5 Nxf5 26. Bxe5+ Qxe5 27. Rxe5 Rf8 28. Rg1 Bd6 29. Re6 Bf4 30. Rb6 Rf7 31. Re6 Rf8 32. Rb6 Rf7 33. b4 Bd6 34. bxc5 Bxc5 35. Re6 Nd6 36. Rg2 Nxc4 37. Ke2 Bf8 38. Re8 Rf5 39. Rg3 Nd6 40. Rd8 Rf6 41. Rd7 Rf7 42. Rxf7 Nxf7 43. Rc3 Bd6 44. Kf3 Kg7 45. Ke4 Kf6 46. f4 Bb4 47. Rc7 Nd6+ 48. Kd3 Bxa5 49. Rxh7 Kf5 50. h4 Kxf4 51. h5 Kg5 52. h6 Nf5 53. Rxb7 Nxh6 54. Ra7 1/2-1/2

[Event "Samara Polugaevsky Memorial 4th"]
[Site "Samara"]
[Date "2014.07.08"]
[Round "7"]
[White "Matjushin, Gennady"]
[Black "Miroshnichenko, Pavel"]
[Result "0-1"]
[WhiteElo "2462"]
[BlackElo "2257"]
[PlyCount "80"]
[EventDate "2014.07.02"]
[EventType "swiss"]
[EventRounds "9"]
[EventCountry "RUS"]
[SourceTitle "CBM 161 Extra"]
[Source "ChessBase"]
[SourceDate "2014.08.29"]
[SourceVersion "1"]
[SourceVersionDate "2014.08.29"]
[SourceQuality "1"]

1. e4 e5 2. Nf3 Nc6 3. Nc3 Nf6 4. g3 d5 5. exd5 Nxd5 6. Bg2 Nxc3 7. bxc3 Be7 8. 0-0 0-0 9. Re1 Bf6 10. h3 Re8 11. Nh2 g6 12. Rb1 Bg7 13. d3 Qd6 14. Ng4 Qf8 15. Ne3 f5 16. Bd2 Nd8 17. d4 e4 18. f3 exf3 19. Qxf3 c6 20. d5 Bd7 21. Kh2 Kh8 22. c4 Rc8 23. h4 b5 24. h5 Nf7 25. cxb5 Ne5 26. Qf4 cxb5 27. a4 Qf6 28. axb5 g5 29. Qa4 f4 30. Rf1 fxg3+ 31. Kxg3 Qd6 32. Qa6 Nc4+ 33. Qxd6 Nxd6 34. b6 axb6 35. Rxb6 Bd4 36. Rxd6 Be5+ 37. Kf3 Bxd6 38. c4 g4+ 39. Ke2 Rxc4 40. Rf7 Rc7 0-1

[Event "Samara Polugaevsky Memorial 4th"]
[Site "Samara"]
[Date "2014.07.07"]
[Round "6"]
[White "Gabrielian, Artur"]
[Black "Matjushin, Gennady"]
[Result "1-0"]
[WhiteElo "2558"]
[BlackElo "2462"]
[PlyCount "117"]
[EventDate "2014.07.02"]
[EventType "swiss"]
[EventRounds "9"]
[EventCountry "RUS"]
[SourceTitle "CBM 161 Extra"]
[Source "ChessBase"]
[SourceDate "2014.08.29"]
[SourceVersion "1"]
[SourceVersionDate "2014.08.29"]
[SourceQuality "1"]

1. e4 e5 2. Nf3 Nc6 3. Bb5 a6 4. Ba4 Nf6 5. 0-0 d6 6. Bxc6+ bxc6 7. d4 exd4 8. Nxd4 Bd7 9. Nc3 Be7 10. b3 0-0 11. Bb2 h6 12. Re1 Nh7 13. Qd3 Ng5 14. Rad1 Bf6 15. f4 Bxd4+ 16. Qxd4 Ne6 17. Qf2 f5 18. Qg3 Rf7 19. exf5 Nf8 20. Ne2 Bxf5 21. Nd4 Qd7 22. Nxf5 Qxf5 23. Qc3 c5 24. g3 Nd7 25. Qd3 Raf8 26. Qxf5 Rxf5 27. Re7 R8f7 28. Re8+ Rf8 29. Re7 R8f7 30. Re4 Nb6 31. c4 Nd7 32. Rde1 Nb8 33. Bc3 Nc6 34. R1e2 Rf8 35. Kg2 Kh7 36. Re8 Rxe8 37. Rxe8 d5 38. cxd5 Rxd5 39. Re4 Rd3 40. Rc4 Nb4 41. Rxc5 Nd5 42. Be1 Kg6 43. Kf2 Rd4 44. Kf3 Kf7 45. Rc6 Rd1 46. Ke2 Rb1 47. Rxa6 Rb2+ 48. Bd2 Nc3+ 49. Kd3 Nxa2 50. Ra7 Kg6 51. Rxc7 Rxb3+ 52. Kc2 Rb8 53. Rc4 Ra8 54. Kb3 Re8 55. Rc2 Re2 56. Rxa2 Rxh2 57. Bc3 Rh3 58. Ra7 Rh2 59. g4 1-0

[Event "Geller Memorial op-A 7th"]
[Site "Odessa"]
[Date "2011.08.22"]
[Round "3"]
[White "Matjushin, Gennady"]
[Black "Varchenko, Grigory"]
[Result "1-0"]
[WhiteElo "2476"]
[BlackElo "2119"]
[PlyCount "69"]
[EventDate "2011.08.20"]
[EventType "swiss"]
[EventRounds "9"]
[EventCountry "UKR"]
[SourceTitle "EXT 2014"]
[Source "ChessBase"]
[SourceDate "2013.11.20"]
[SourceVersion "1"]
[SourceVersionDate "2013.11.20"]
[SourceQuality "1"]

1. e4 c5 2. Nc3 Nc6 3. Bb5 g6 4. Bxc6 bxc6 5. d3 Bg7 6. Nge2 Nf6 7. 0-0 0-0 8. Be3 d6 9. h3 Rb8 10. Rb1 Nd7 11. Qd2 e5 12. Bh6 Nb6 13. Bxg7 Kxg7 14. f4 f6 15. Rf2 Qe7 16. Rbf1 Na8 17. b3 Nc7 18. f5 g5 19. h4 h6 20. g4 Bd7 21. Rh2 Be8 22. Rf3 Bf7 23. Rfh3 Rh8 24. Kf2 d5 25. Qc1 Rh7 26. hxg5 fxg5 27. Ng3 Nb5 28. Nxb5 cxb5 29. f6+ Qxf6+ 30. Nf5+ Kf8 31. Rxh6 Rxh6 32. Rxh6 Bg6 33. Qa3 Qb6 34. Rxg6 Qxg6 35. Qxc5+ 1-0

[Event "Zaporozhye Ermak Cup 7th"]
[Site "Zaporozhye"]
[Date "2011.06.26"]
[Round "3"]
[White "Matjushin, Gennady"]
[Black "Matjushin, Oleg"]
[Result "1-0"]
[WhiteElo "2477"]
[BlackElo "2146"]
[PlyCount "35"]
[EventDate "2011.06.25"]
[EventType "swiss"]
[EventRounds "9"]
[EventCountry "UKR"]
[SourceTitle "CBM 143 Extra"]
[Source "ChessBase"]
[SourceDate "2011.08.29"]
[SourceVersion "1"]
[SourceVersionDate "2011.08.29"]
[SourceQuality "1"]

1. e4 e5 2. f4 Qh4+ 3. g3 Qe7 4. fxe5 Qxe5 5. Nc3 c6 6. Nf3 Qe7 7. Bh3 Na6 8. 0-0 d6 9. Bxc8 Rxc8 10. d4 h6 11. e5 d5 12. e6 fxe6 13. Ne5 Nf6 14. Ng6 Qb4 15. Nxh8 c5 16. Ng6 Qxd4+ 17. Qxd4 cxd4 18. Nxf8 1-0

[Event "UKR-ch sf"]
[Site "Alushta"]
[Date "2011.05.09"]
[Round "7"]
[White "Matjushin, Gennady"]
[Black "Luzhinsky, Vitaly"]
[Result "1-0"]
[WhiteElo "2477"]
[BlackElo "2362"]
[PlyCount "89"]
[EventDate "2011.05.03"]
[EventType "swiss"]
[EventRounds "9"]
[EventCountry "UKR"]
[SourceTitle "CBM 142 Extra"]
[Source "ChessBase"]
[SourceDate "2011.06.27"]
[SourceVersion "1"]
[SourceVersionDate "2011.06.27"]
[SourceQuality "1"]

1. e4 c5 2. Nf3 d6 3. d4 cxd4 4. Nxd4 Nf6 5. Nc3 a6 6. Bc4 e6 7. Bb3 b5 8. 0-0 b4 9. Na4 Bd7 10. c3 bxc3 11. Nxc3 Nc6 12. Nxc6 Bxc6 13. Qd3 Be7 14. Rd1 Qb6 15. Qg3 0-0 16. Bh6 Ne8 17. Bg5 Bxg5 18. Qxg5 a5 19. Rab1 Qb4 20. Qe3 Nf6 21. Rd4 Qc5 22. Qd2 Rfc8 23. Rc4 Qe5 24. f4 Qh5 25. Qxd6 Be8 26. Rxc8 Rxc8 27. e5 Ng4 28. h3 Ne3 29. Qd3 Nf5 30. g4 Qg6 31. Kh2 Bc6 32. Bc2 h5 33. Qa6 Rd8 34. Rd1 Rxd1 35. Nxd1 hxg4 36. Qc8+ Kh7 37. Qxc6 g3+ 38. Kg2 Qh5 39. Qf3 Qg6 40. Bxf5 Qxf5 41. Nc3 Qc2+ 42. Qe2 Qc1 43. Kxg3 Qg1+ 44. Kf3 Qh1+ 45. Qg2 1-0

[Event "UKR-ch sf"]
[Site "Alushta"]
[Date "2011.05.06"]
[Round "4"]
[White "Kryvoruchko, Yuriy"]
[Black "Matjushin, Gennady"]
[Result "1-0"]
[WhiteElo "2640"]
[BlackElo "2477"]
[PlyCount "138"]
[EventDate "2011.05.03"]
[EventType "swiss"]
[EventRounds "9"]
[EventCountry "UKR"]
[SourceTitle "CBM 142 Extra"]
[Source "ChessBase"]
[SourceDate "2011.06.27"]
[SourceVersion "1"]
[SourceVersionDate "2011.06.27"]
[SourceQuality "1"]

1. e4 c5 2. Nf3 Nc6 3. Bb5 g6 4. Bxc6 dxc6 5. d3 Bg4 6. Nbd2 Bg7 7. h3 Bxf3 8. Nxf3 Nf6 9. 0-0 0-0 10. Be3 b6 11. Qd2 Ne8 12. c3 e5 13. b4 cxb4 14. cxb4 Qd7 15. Rfd1 Nc7 16. Rac1 Ne6 17. Qc3 Qd6 18. Qxc6 Qxb4 19. Rc4 Qe7 20. Qb5 Nc7 21. Qb3 Ne6 22. Rdc1 Qd7 23. Qc3 Rfe8 24. Ng5 Rad8 25. Nxe6 Qxe6 26. Qa3 Rd7 27. Rc7 Rxc7 28. Rxc7 a5 29. Rb7 Bf8 30. Qa4 Bc5 31. Bxc5 bxc5 32. Rb6 Qxb6 33. Qxe8+ Kg7 34. Qxe5+ Kg8 35. Kh2 Qb1 36. Qd5 Qc2 37. Kg3 Kg7 38. Qc4 Qd2 39. a4 Qg5+ 40. Kh2 Qf4+ 41. Kg1 Qd2 42. g3 Qd1+ 43. Kg2 Qa1 44. Qxc5 Qxa4 45. Qe5+ Kg8 46. d4 Qa1 47. Qe8+ Kg7 48. d5 Qd4 49. Qe7 a4 50. d6 a3 51. d7 a2 52. d8Q Qxd8 53. Qxd8 a1Q 54. Qd6 Qc3 55. g4 h6 56. h4 g5 57. h5 Qc2 58. Qe5+ Kg8 59. Qf5 Qe2 60. Qf3 Qe1 61. Qf5 Qe2 62. e5 Qc4 63. Qf3 Qd4 64. Qf5 Qd5+ 65. Kh2 Kg7 66. Kg3 Qh1 67. e6 Qg1+ 68. Kf3 Qd1+ 69. Kg2 Qd4 1-0